|
|
|
|
| LEADER |
01001nam a2200241 a 4500 |
| 001 |
0017160 |
| 003 |
BD-DhAAL |
| 008 |
090706s1951 mau 000 0 eng d |
| 010 |
|
|
|a 00108915
|
| 020 |
|
|
|a 0316769487
|
| 040 |
|
|
|a DLC
|c DLC
|d BD-DhAAL
|
| 082 |
0 |
0 |
|a 813.54
|
| 100 |
1 |
|
|a Salinger, J. D.
|9 5929
|
| 245 |
1 |
4 |
|a The catcher in the rye /
|c J. D. Salinger.
|
| 260 |
|
|
|a Boston, MA :
|b Little, Brown and Company,
|c 1951.
|
| 300 |
|
|
|a 214 p. ;
|c 17cm.
|
| 526 |
|
|
|a ENH
|x Prof. Syed Manzoorul Islam
Faculty Member of BRAC University
|
| 541 |
1 |
|
|e 00017160
|a Friends' Book Corner
|
| 650 |
|
0 |
|a Short stories, American
|
| 852 |
4 |
|
|a Ayesha Abed Library
|c General Stacks
|
| 942 |
0 |
0 |
|0 1
|2 ddc
|c BK
|
| 999 |
|
|
|c 2051
|d 2051
|
| 952 |
|
|
|0 0
|1 0
|2 ddc
|4 0
|6 813_540000000000000_SAL_1951
|7 0
|9 1886
|a BRACUL
|b BRACUL
|c GEN
|d 2009-07-06
|e Friends' Book Corner
|g 504.00
|l 31
|m 202
|o 813.54 SAL
|p 3010017160
|q 2026-06-02
|r 2026-05-20
|s 2026-05-20
|t 1
|w 2009-07-06
|y BK
|x Requisitioned by Prof. Syed Manzoorul Islam (Faculty Member of BRAC University).
|